书目信息 |
| 题名: |
纤维素醚
|
|
| 作者: | 邵自强 , 王飞俊 编著 | |
| 分册: | ||
| 出版信息: | 北京 化学工业出版社 2016 |
|
| 页数: | 322页 | |
| 开本: | 24cm | |
| 丛书名: | ||
| 单 册: | ||
| 中图分类: | TQ352.72 , TQ321.23 | |
| 科图分类: | ||
| 主题词: | 纤维素醚--Xian Wei Su Mi | |
| 电子资源: | ||
| ISBN: | 978-7-122-27528-8 | |
| 000 | 01182nam0 2200313 450 | |
| 001 | 012001000472 | |
| 005 | 20191108082101.98 | |
| 010 | @a978-7-122-27528-8@dCNY88.00 | |
| 099 | @aCAL 012016123792 | |
| 100 | @a20161021d2016 em y0chiy50 ea | |
| 101 | 0 | @achi |
| 102 | @aCN@b110000 | |
| 105 | @aa a 000yy | |
| 106 | @ar | |
| 200 | 1 | @a纤维素醚@AXian Wei Su Mi@f邵自强, 王飞俊编著 |
| 205 | @a第2版 | |
| 210 | @a北京@c化学工业出版社@d2016 | |
| 215 | @a322页@c图@d24cm | |
| 312 | @a封面题英文题名:Cellulose ether | |
| 320 | @a有书目 | |
| 330 | @a本书全面论述了纤维素醚的结构、制备原理、生产工艺、设备发展、应用领域以及分析测试技术。全书共七章,内容包括:纤维素结构与分类,甲基纤维素、羟丙基甲基纤维素、乙基纤维素、羟乙基纤维素、羟丙基纤维素、羧甲基纤维素以及其他纤维素醚的合成原理、结构特点、产品类型、生产工艺和应用领域,还简要介绍了几种重要的纤维素醚的分析测试技术。 | |
| 510 | 1 | @aCellulose ether@zeng |
| 606 | 0 | @a纤维素醚@AXian Wei Su Mi |
| 690 | @aTQ352.72@v5 | |
| 690 | @aTQ321.23@v5 | |
| 701 | 0 | @a邵自强@AShao Zi Qiang@4编著 |
| 701 | 0 | @a王飞俊@AWang Fei Jun@4编著 |
| 801 | 0 | @aCN@b北京卓展文化@c20191020 |
| 905 | @b1196217-9@dTQ352.72@e31=2@f3 | |
| 纤维素醚/邵自强, 王飞俊编著.-第2版.-北京:化学工业出版社,2016 |
| 322页:图;24cm |
| ISBN 978-7-122-27528-8:CNY88.00 |
| 本书全面论述了纤维素醚的结构、制备原理、生产工艺、设备发展、应用领域以及分析测试技术。全书共七章,内容包括:纤维素结构与分类,甲基纤维素、羟丙基甲基纤维素、乙基纤维素、羟乙基纤维素、羟丙基纤维素、羧甲基纤维素以及其他纤维素醚的合成原理、结构特点、产品类型、生产工艺和应用领域,还简要介绍了几种重要的纤维素醚的分析测试技术。 |
| ● |
| 相关链接 |
|
|
|
|
正题名:纤维素醚
索取号:TQ352.72/31=2
 
预约/预借
| 序号 | 登录号 | 条形码 | 馆藏地/架位号 | 状态 | 备注 |
| 1 | 1196217 | 211962170 | 第二样本阅览室/ [索取号:TQ352.72/31=2] | 在馆 | |
| 2 | 1196218 | 211962189 | 第三借阅区/ [索取号:TQ352.72/31=2] | 在馆 | |
| 3 | 1196219 | 211962198 | 第三借阅区/ [索取号:TQ352.72/31=2] | 在馆 |